Prevencia vzniku ekonomických podvodov

Vymenovanie niektorých z najčastejších spôsobov prevencie podvodov, ktoré je možné v organizáciách a účtovných jednotkách aplikovať pri prevencii vzniku a výskytu možných ekonomických podvodov.

Salvato in:
Dettagli Bibliografici
Autore principale: Staríčková, Zuzana
Natura: Capitolo di libro
Lingua:slovacco
Soggetti:
Tags: Aggiungi Tag
Nessun Tag, puoi essere il primo ad aggiungerne!!

MARC

LEADER 00000naa a2200000 4500
001 0263888
005 20260205072352.1
041 0 |a slo 
044 |a SK 
245 1 0 |a Prevencia vzniku ekonomických podvodov  |c Zuzana Staríčková 
520 |a Vymenovanie niektorých z najčastejších spôsobov prevencie podvodov, ktoré je možné v organizáciách a účtovných jednotkách aplikovať pri prevencii vzniku a výskytu možných ekonomických podvodov. 
610 2 0 |a podvody 
610 2 0 |a účtovníctvo 
610 2 0 |a kontrola komplexná 
610 2 0 |a audit interný 
610 2 0 |a audit personálny 
100 1 |a Staríčková, Zuzana